[Event "Cacoal op"]
[Site "Cacoal"]
[Date "2025.03.02"]
[Round "6"]
[White "Harada, Ayrton Katsunori"]
[Black "Rodrigues, Carlos Adriel Kaise"]
[Result "1-0"]
[WhiteElo "1684"]
[BlackElo "1800"]
[PlyCount "113"]
[EventDate "2025.02.28"]
[EventType "swiss"]
[EventRounds "6"]
[EventCountry "BRA"]
[SourceTitle "CB12_2025"]
[SourceDate "2025.03.19"]
[SourceVersion "1"]
[SourceVersionDate "2025.03.19"]
[SourceQuality "1"]

1. e4 e5 2. Nf3 d6 3. d4 Nc6 4. Bb5 Nge7 5. d5 a6 6. Bxc6+ bxc6 7. c4 cxd5 8. cxd5 Bb7 9. 0-0 Ng6 10. Bg5 Qd7 11. Nc3 Be7 12. Bxe7 Qxe7 13. Ne2 0-0 14. Ng3 h6 15. Nf5 Qd7 16. Qd2 Nf4 17. g3 g6 18. Nxh6+ Kh7 19. gxf4 Kxh6 20. fxe5+ Kg7 21. Qg5 Rh8 22. exd6 Qxd6 23. Rac1 Rh7 24. Qg3 a5 25. Rxc7 Qxg3+ 26. fxg3 Ba6 27. Rf2 Rc8 28. Rxc8 Bxc8 29. Ng5 Rh8 30. Rxf7+ Kh6 31. h4 Kh5 32. Kg2 a4 33. e5 Bb7 34. Rxb7 Kg4 35. Nf3 Ra8 36. Nh2+ Kf5 37. e6 a3 38. Nf1 axb2 39. Rxb2 Kf6 40. Ne3 Ke5 41. Kf3 Rd8 42. Kg4 Rf8 43. Rb4 Rc8 44. Rf4 Rc7 45. a4 Rc8 46. Rf7 Rb8 47. Kg5 Rg8 48. h5 Kd6 49. Rd7+ Ke5 50. e7 Kd4 51. Rd8 Rxd8 52. exd8Q Kxe3 53. d6 Kd4 54. d7 Kc5 55. Qe7+ Kc4 56. d8Q Kb3 57. Qb6+ 1-0

[Event "Cacoal op"]
[Site "Cacoal"]
[Date "2025.03.02"]
[Round "5"]
[White "Rodrigues, Carlos Adriel Kaise"]
[Black "Do Vale, Mateus Jaco Santos"]
[Result "1-0"]
[WhiteElo "1800"]
[BlackElo "1800"]
[PlyCount "77"]
[EventDate "2025.02.28"]
[EventType "swiss"]
[EventRounds "6"]
[EventCountry "BRA"]
[SourceTitle "CB12_2025"]
[SourceDate "2025.03.19"]
[SourceVersion "1"]
[SourceVersionDate "2025.03.19"]
[SourceQuality "1"]

1. e4 e5 2. d3 Nc6 3. Nf3 Nf6 4. Nbd2 Bb4 5. Be2 0-0 6. 0-0 h6 7. Nc4 d6 8. Ne3 Nh7 9. Bd2 Bd7 10. Nd5 Bxd2 11. Qxd2 b5 12. b4 Be6 13. g3 a5 14. a3 Bh3 15. Rfe1 axb4 16. axb4 Nd4 17. Nxd4 Rxa1 18. Rxa1 exd4 19. Bf1 Ng5 20. Bxh3 Nxh3+ 21. Kg2 c6 22. Kxh3 Qd7+ 23. Kg2 cxd5 24. exd5 Qf5 25. c3 Qxd5+ 26. Kg1 Rc8 27. cxd4 Qxd4 28. Ra5 Rb8 29. h4 f6 30. Ra6 d5 31. Re6 f5 32. Qe2 Kf8 33. Qe3 Qg4 34. f3 Qh3 35. Qc5+ Kg8 36. Qc7 Rf8 37. Re7 Rf6 38. Rxg7+ Kf8 39. Qe7# 1-0